000 01019cab a22001935a 4500
001 L154883
008 120130e20120127xxk 000 0 eng d
035 _a(Sirsi) u154883
041 0 _aeng
100 1 _aStewart, Sarah
245 0 0 _aMarkets
_bnorth-east
260 _c2012
490 0 _aProperty Week
_v78(04) 27 January 2012, 45-52(5)
520 _aG9 lobby group has been formed to advise local government on how to continue region's regeneration. Shortage of relocation sites for suppliers servicing increased production at Nissan's Sunderland site. Developer UK Land Estates has a packed year with 17m sq ft portfolio of projects in the region. Regional firms Storeys:SSP and Edward Symmons have merged to become Storeys Edward Symmons. Hammerson's £10m redevelopment in Newcastle city centre will begin in April 2012. Construction of 15 000 sq ft restaurant scheme at Metrocentre, Gateshead has started.
590 _aKA
651 4 _aEngland
_y886-
690 _aCommercial property
_96227
942 _n0
999 _c83735
_d83735